<?xml version="1.0" encoding="UTF-8"?>
<collection xmlns="http://www.loc.gov/MARC21/slim">
 <record>
  <leader>02099nam a2200241Ia 4500</leader>
  <controlfield tag="001">CTU_237709</controlfield>
  <controlfield tag="008">210402s9999    xx            000 0 und d</controlfield>
  <datafield tag="082" ind1=" " ind2=" ">
   <subfield code="a">338.16</subfield>
  </datafield>
  <datafield tag="082" ind1=" " ind2=" ">
   <subfield code="b">Th523</subfield>
  </datafield>
  <datafield tag="088" ind1=" " ind2=" ">
   <subfield code="a">8620118</subfield>
  </datafield>
  <datafield tag="100" ind1=" " ind2=" ">
   <subfield code="a">Trần, Thanh Thùy</subfield>
  </datafield>
  <datafield tag="245" ind1=" " ind2="0">
   <subfield code="a">Đánh giá sự hài lòng của nông dân sản xuất lúa trong cánh đồng liên kết tại huyện Trà Ôn, tỉnh Vĩnh Long</subfield>
  </datafield>
  <datafield tag="245" ind1=" " ind2="0">
   <subfield code="b">Luận văn tốt nghiệp Cao học chuyên ngành: Hệ thống Nông nghiệp</subfield>
  </datafield>
  <datafield tag="245" ind1=" " ind2="0">
   <subfield code="c">Trần Thanh Thùy ; Huỳnh Quang Tín (hướng dẫn khoa học)</subfield>
  </datafield>
  <datafield tag="260" ind1=" " ind2=" ">
   <subfield code="a">Cần Thơ</subfield>
  </datafield>
  <datafield tag="260" ind1=" " ind2=" ">
   <subfield code="b">Trường Đại học Cần Thơ</subfield>
  </datafield>
  <datafield tag="260" ind1=" " ind2=" ">
   <subfield code="c">2020</subfield>
  </datafield>
  <datafield tag="520" ind1=" " ind2=" ">
   <subfield code="a">Liên kết sản xuất” giúp sản phẩm lúa tăng sức cạnh tranh trên thị trường. Tuy nhiên, hiện nay, nông hộ tham gia sản xuất lúa với mô hình “Cánh đồng liên kết (CĐLK)” ở huyện Trà Ôn, Vĩnh Long có xu hướng giảm dần từ năm 2018, việc hợp tác, liên kết sản xuất lúa chưa tạo niềm tin với nông hộ khi tham gia mô hình liên kết, điều đó đã phản ánh tính khả thi của mô hình khi thiếu vắng sự đầu tư của nhà nước. Xuất phát từ thực tế, đề tài: “Đánh giá sự hài lòng của nông dân sản xuất lúa trong cánh đồng liên kết tại huyện Trà Ôn, tỉnh Vĩnh Long” là cần thiết thực hiện. Để tìm hiểu thực trạng sản xuất và mức độ hài lòng của nông dân, nghiên cứu đã phỏng vấn 105 hộ trong và 30 hộ ngoài CĐLK tại 3 xã thuộc huyện Trà Ôn, Vĩnh Long.</subfield>
  </datafield>
  <datafield tag="650" ind1=" " ind2=" ">
   <subfield code="a">Agriculture,Nông nghiệp</subfield>
  </datafield>
  <datafield tag="650" ind1=" " ind2=" ">
   <subfield code="x">Economic aspects,Khía cạnh kinh tế</subfield>
  </datafield>
  <datafield tag="904" ind1=" " ind2=" ">
   <subfield code="i">Hiếu</subfield>
  </datafield>
  <datafield tag="910" ind1=" " ind2=" ">
   <subfield code="c">tvtrong</subfield>
  </datafield>
  <datafield tag="980" ind1=" " ind2=" ">
   <subfield code="a">Trung tâm Học liệu Trường Đại học Cần Thơ</subfield>
  </datafield>
 </record>
</collection>
